000 01131cam a22003374a 4500
001 14096666
005 20250115132406.0
008 050902s2007 nyuab b 001 0 eng
020 _a0716787245
020 _a9780716787242
050 0 0 _aQP514.2
_b.S66 2007
082 0 0 _a572
_222
100 1 _aBerg, Jeremy M.
_q(Jeremy Mark),
_d1958-
245 1 0 _aBiochemistry /
_cJeremy M. Berg, John L. Tymoczko, Lubert Stryer.
250 _a6th ed.
260 _aNew York :
_bW.H. Freeman,
_cc2007.
300 _a1 v. (various pagings) :
_bill. (some col.), col. maps ;
_c29 cm.
500 _aRev. ed. of: Biochemistry / Lubert Stryer.
650 0 _aBiochemistry.
650 2 _aBiochemistry
650 2 _aProteins
650 2 _aDNA
650 2 _aRNA
650 2 _aGenes
700 1 _aTymoczko, John L.,
_d1948-
700 1 _aStryer, Lubert.
700 1 _aStryer, Lubert.
_tBiochemistry.
856 4 2 _3Publisher description
_uhttp://www.loc.gov/catdir/enhancements/fy0902/2005052751-d.html
856 4 1 _3Table of contents only
_uhttp://www.loc.gov/catdir/enhancements/fy0912/2005052751-t.html
942 _2lcc
_cBK
_e6th ed.
_n0
999 _c2561
_d2561